[Event "Stay Safe Play From Home 237"]
[Site "Emanuel Lasker Arena"]
[Date "2020.06.18"]
[Round "7"]
[White "Klasman"]
[Black "Tunca"]
[Result "1-0"]
[WhiteElo "1609"]
[BlackElo "1653"]
[Annotator "NA RC"]
[PlyCount "83"]
[EventDate "2020.06.18"]
[EventType "swiss (blitz)"]

1. f4 {[%emt 0:00:01]} d6 {[%emt 0:00:04]} 2. e4 {[%emt 0:00:02]} g6 {[%emt 0:00:04]} 3. d4 {[%emt 0:00:01]} Bg7 {[%emt 0:00:01]} 4. c4 {[%emt 0:00:01]} Nc6 {[%emt 0:00:02]} 5. Nf3 {[%emt 0:00:02]} Nf6 {[%emt 0:00:02]} 6. e5 {[%emt 0:00:02]} Nd7 {[%emt 0:00:09]} 7. d5 {[%emt 0:00:02]} Ncb8 {[%emt 0:00:04]} 8. exd6 {[%emt 0:00:06]} cxd6 {[%emt 0:00:04]} 9. Nc3 {[%emt 0:00:02]} O-O {[%emt 0:00:01]} 10. Be3 {[%emt 0:00:03]} Nf6 {[%emt 0:00:03]} 11. Bd3 {[%emt 0:00:04]} Na6 {[%emt 0:00:10]} 12. O-O {[%emt 0:00:02]} Re8 {[%emt 0:00:05]} 13. Bd4 {[%emt 0:00:03]} Nc5 {[%emt 0:00:02]} 14. Bxc5 {[%emt 0:00:12]} dxc5 {[%emt 0:00:02]} 15. Ng5 {[%emt 0:00:01]} e6 {[%emt 0:00:14]} 16. dxe6 {[%emt 0:00:06]} Bxe6 {[%emt 0:00:00]} 17. Nxe6 {[%emt 0:00:02]} Rxe6 {[%emt 0:00:01]} 18. f5 {[%emt 0:00:03]} Rd6 {[%emt 0:00:01]} 19. fxg6 {[%emt 0:00:12]} Rxd3 {[%emt 0:00:03]} 20. gxf7+ {[%emt 0:00:03]} Kxf7 {[%emt 0:00:00]} 21. Qh5+ {[%emt 0:00:03]} Kg8 {[%emt 0:00:02]} 22. Qxc5 {[%emt 0:00:05]} Qd6 {[%emt 0:00:16]} 23. Qg5 {[%emt 0:00:08]} Qd4+ {[%emt 0:00:15]} 24. Kh1 {[%emt 0:00:14]} Qg4 {[%emt 0:00:06]} 25. Qxg4 {[%emt 0:00:08]} Nxg4 {[%emt 0:00:02]} 26. Rf4 {[%emt 0:00:01]} Ne3 {[%emt 0:00:10]} 27. Re1 {[%emt 0:00:11]} Bxc3 {[%emt 0:00:19]} 28. bxc3 {[%emt 0:00:02]} Rxc3 {[%emt 0:00:00]} 29. Rf3 {[%emt 0:00:01]} Re8 {[%emt 0:00:11]} 30. Kg1 {[%emt 0:00:07]} Kg7 {[%emt 0:00:12]} 31. g4 {[%emt 0:00:10]} Re4 {[%emt 0:00:07]} 32. h3 {[%emt 0:00:05]} Kg6 {[%emt 0:00:04]} 33. Kf2 {[%emt 0:00:10]} Nxg4+ {[%emt 0:00:01]} 34. hxg4 {[%emt 0:00:03]} Rc2+ {[%emt 0:00:01]} 35. Kg3 {[%emt 0:00:03]} Rxe1 {[%emt 0:00:02]} 36. Rf6+ {[%emt 0:00:08]} Kg7 {[%emt 0:00:01]} 37. c5 {[%emt 0:00:01]} Rce2 {[%emt 0:00:00]} 38. g5 {[%emt 0:00:02]} Re3+ {[%emt 0:00:01]} 39. Kf4 {[%emt 0:00:01]} Re4+ {[%emt 0:00:00]} 40. Kf3 {[%emt 0:00:01]} Re5 {[%emt 0:00:00]} 41. Kf2 {[%emt 0:00:01]} Re6 {[%emt 0:00:00]} 42. Rg6+ {[%emt 0:00:02] Time (Lag: Av=0.41s, max=0.8s)} 1-0

[Event "Stay Safe Play From Home 237"]
[Site "Emanuel Lasker Arena"]
[Date "2020.06.18"]
[Round "8"]
[White "Mepe_Nika"]
[Black "Buzaglo"]
[Result "1-0"]
[WhiteElo "2377"]
[BlackElo "1783"]
[Annotator "TA"]
[PlyCount "115"]
[EventDate "2020.06.18"]
[EventType "swiss (blitz)"]

{[%evp 9,114,18,43,33,32,-10,29,-13,39,33,26,40,41,26,81,105,78,69,223,197,188,197,262,237,252,244,229,229,259,218,325,52,413,412,657,612,618,636,735,702,640,570,602,597,584,581,769,732,720,722,716,704,703,689,674,713,694,679,843,834,939,942,961,943,6035,5114,29979,29980,29983,29984,29985,29986,29986,29987,29987,29988,29988,29989,29989,29989,29989,29990,29990,29989,29989,29990,29990,29990,29991,29992,29992,29992,29992,29993,29993,29993,29994,29995,29995,29996,29996,29997,29997,29998,29998,29999,29999]} 1. d4 e6 2. Bf4 d5 3. e3 Bd6 4. Bxd6 Qxd6 5. c4 {[#]} c5 $146 ({Predecessor:} 5... Nf6 6. Nf3 O-O 7. c5 Qe7 8. Nc3 Nbd7 9. Be2 c6 10. b4 e5 11. O-O e4 12. Nd2 Ne8 13. b5 f5 14. Nb3 {0-1 (37) Houska,J (2396)-Agdestein,S (2558) Norway 2020}) 6. Nc3 {D00: 1 d4 d5: Unusual lines.} cxd4 7. exd4 Nf6 8. Nf3 {White has an edge.} O-O (8... dxc4 $11 9. Bxc4 Nc6) 9. c5 $14 Qd8 10. Bd3 b6 11. b4 a5 (11... bxc5 $11 12. dxc5 (12. bxc5 Qa5 $11) 12... a6) 12. b5 bxc5 13. dxc5 d4 $2 ({Black should play} 13... e5 $1 $14) 14. Na4 e5 15. Nxe5 Re8 {[#]} (15... Qe7 {is a better defense.}) 16. f4 $1 $18 Nbd7 17. O-O Nxe5 18. fxe5 Rxe5 19. c6 Bg4 (19... Rb8 {was necessary.} 20. b6 Rxb6) 20. Qb3 $2 (20. Qc1 $18) 20... Qe7 $2 {[%mdl 8192]} (20... Qd6 $14) 21. b6 Rg5 (21... Re8 $142 22. b7 Be6) 22. b7 Rb8 {and the idea ...Be6 leaves Black hopeful.} 23. Rae1 Re5 24. Rxe5 Qxe5 25. h3 Be6 26. Qc2 Qc7 27. Be4 Bd5 28. Bxd5 Nxd5 29. Qf5 Nf6 {[#]} 30. Nb6 $1 {[%mdl 512]} Qxc6 (30... Qxb6 31. Qc8+) 31. Qc8+ $1 Rxc8 32. bxc8=Q+ Qxc8 33. Nxc8 d3 34. Rd1 Ne4 35. Rxd3 {[%cal Rd3d8]} f5 36. Nd6 Kf8 37. Nxe4 fxe4 {[%mdl 4096] Endgame KR-KP} 38. Re3 {White mates.} Kf7 39. Rxe4 {KR-K3P} Kf6 40. Ra4 Ke6 41. Rxa5 g5 42. Rxg5 {KR-KP} h6 43. Rh5 Kf6 44. Rxh6+ {KR-K} Kg5 45. Rb6 Kf4 46. Rb3 Ke4 47. Kf2 Kd4 48. Kf3 Kc4 49. Ke4 Kc5 50. Rc3+ Kd6 51. a4 Kd7 52. a5 Kd6 53. a6 Kd7 54. a7 Kd6 55. a8=Q Ke7 56. Rc6 Kd7 57. Qb7+ Kd8 58. Rc8# {Accuracy: White = 74%, Black = 35%.} 1-0

[Event "Stay Safe Play From Home 237"]
[Site "Emanuel Lasker Arena"]
[Date "2020.06.18"]
[Round "8"]
[White "Dukic"]
[Black "Klasman"]
[Result "0-1"]
[WhiteElo "1880"]
[BlackElo "1628"]
[Annotator "NA RC"]
[PlyCount "70"]
[EventDate "2020.06.18"]
[EventType "swiss (blitz)"]

1. c4 {[%emt 0:00:03]} f5 {[%emt 0:00:01]} 2. Nc3 {[%emt 0:00:01]} Nf6 {[%emt 0:00:01]} 3. d3 {[%emt 0:00:01]} e6 {[%emt 0:00:01]} 4. g3 {[%emt 0:00:01]} c6 {[%emt 0:00:01]} 5. Bg2 {[%emt 0:00:00]} Bb4 {[%emt 0:00:01]} 6. Qc2 {[%emt 0:00:03]} Bxc3+ {[%emt 0:00:01]} 7. Qxc3 {[%emt 0:00:01]} O-O {[%emt 0:00:01]} 8. e4 {[%emt 0:00:06]} fxe4 {[%emt 0:00:04]} 9. dxe4 {[%emt 0:00:02]} d5 {[%emt 0:00:04]} 10. Bg5 {[%emt 0:00:29]} dxe4 {[%emt 0:00:16]} 11. Bxf6 {[%emt 0:00:10]} Qxf6 {[%emt 0:00:03]} 12. Qxf6 {[%emt 0:00:02]} Rxf6 {[%emt 0:00:06]} 13. Bxe4 {[%emt 0:00:00]} Na6 {[%emt 0:00:02]} 14. Nf3 {[%emt 0:00:01]} Nc5 {[%emt 0:00:01]} 15. Nd2 {[%emt 0:00:03]} Bd7 {[%emt 0:00:09]} 16. Rd1 {[%emt 0:00:02]} Raf8 {[%emt 0:00:03]} 17. f4 {[%emt 0:00:18]} e5 {[%emt 0:00:05]} 18. fxe5 {[%emt 0:00:02]} Rf2 {[%emt 0:00:09]} 19. Bc2 {[%emt 0:00:10]} Bh3 {[%emt 0:00:07]} 20. Ne4 {[%emt 0:00:10]} Rxc2 {[%emt 0:00:14]} 21. Nxc5 {[%emt 0:00:02]} Rff2 {[%emt 0:00:04]} 22. Rd8+ {[%emt 0:00:24]} Kf7 {[%emt 0:00:02]} 23. Nd3 {[%emt 0:00:26]} Rfe2+ {[%emt 0:00:15]} 24. Kd1 {[%emt 0:00:01]} Bg4 {[%emt 0:00:09]} 25. h3 {[%emt 0:00:09]} Rh2+ {[%emt 0:00:21]} 26. hxg4 {[%emt 0:00:03]} Rxh1+ {[%emt 0:00:06]} 27. Kxc2 {[%emt 0:00:01]} Rd1 {[%emt 0:00:03]} 28. Kxd1 {[%emt 0:00:01]} b5 {[%emt 0:00:07]} 29. cxb5 {[%emt 0:00:02]} cxb5 {[%emt 0:00:01]} 30. Rd7+ {[%emt 0:00:01]} Ke8 {[%emt 0:00:02]} 31. Rxa7 {[%emt 0:00:00]} g5 {[%emt 0:00:01]} 32. Rxh7 {[%emt 0:00:01]} b4 {[%emt 0:00:02]} 33. Rh5 {[%emt 0:00:00]} Ke7 {[%emt 0:00:01]} 34. Rxg5 {[%emt 0:00:01]} Ke6 {[%emt 0:00:01]} 35. Rf5 {[%emt 0:00:01]} Kd5 {[%emt 0:00:01] Zeit (Lag: Av=0.51s, max=3.5s)} 0-1

[Event "Stay Safe Play From Home 237"]
[Site "Emanuel Lasker Arena"]
[Date "2020.06.18"]
[Round "8"]
[White "matanant"]
[Black "BrainThinker22"]
[Result "0-1"]
[WhiteElo "1794"]
[BlackElo "2104"]
[Annotator "NA RC"]
[PlyCount "42"]
[EventDate "2020.06.18"]
[EventType "swiss (blitz)"]
[TimeControl "180"]

1. b3 {[%emt 0:00:04]} e5 {[%emt 0:00:02]} 2. Bb2 {[%emt 0:00:00]} Nc6 {[%emt 0:00:01]} 3. e3 {[%emt 0:00:01]} g6 {[%emt 0:00:01]} 4. f4 {[%emt 0:00:01]} Bg7 {[%emt 0:00:01]} 5. Nf3 {[%emt 0:00:01]} d6 {[%emt 0:00:01]} 6. Bb5 {[%emt 0:00:03]} Nge7 {[%emt 0:00:05]} 7. O-O {[%emt 0:00:03]} O-O {[%emt 0:00:03]} 8. fxe5 {[%emt 0:00:03]} dxe5 {[%emt 0:00:02]} 9. d3 {[%emt 0:00:11]} e4 {[%emt 0:00:19]} 10. Bxg7 {[%emt 0:00:03]} exf3 {[%emt 0:00:01]} 11. Bxf8 {[%emt 0:00:03]} fxg2 {[%emt 0:00:01]} 12. Kxg2 {[%emt 0:00:02]} Qxf8 {[%emt 0:00:05]} 13. Bc4 {[%emt 0:00:05]} Ne5 {[%emt 0:00:04]} 14. Nd2 {[%emt 0:00:08]} Qh6 {[%emt 0:00:05]} 15. Nf3 {[%emt 0:00:14]} Bg4 {[%emt 0:00:09]} 16. Bxf7+ {[%emt 0:00:15]} Nxf7 {[%emt 0:00:04]} 17. Qe1 {[%emt 0:00:07]} Qh3+ {[%emt 0:00:06]} 18. Kg1 {[%emt 0:00:03]} Bxf3 {[%emt 0:00:01]} 19. Qf2 {[%emt 0:00:02]} Ng5 {[%emt 0:00:07]} 20. e4 {[%emt 0:00:07]} Qg4+ {[%emt 0:00:02]} 21. Qg3 {[%emt 0:00:03]} Nh3# {[%emt 0:00:00] (Lag: Av=0.67s, max=1.0s)} 0-1

[Event "Stay Safe Play From Home 237"]
[Site "Emanuel Lasker Arena"]
[Date "2020.06.18"]
[Round "8"]
[White "Tunca"]
[Black "Lazieri3"]
[Result "0-1"]
[WhiteElo "1634"]
[BlackElo "2090"]
[Annotator "RC"]
[PlyCount "86"]
[EventDate "2020.06.18"]
[EventType "swiss (blitz)"]

1. e4 {[%emt 0:00:27]} c6 {[%emt 0:00:00]} 2. d4 {[%emt 0:00:03]} d5 {[%emt 0:00:00]} 3. Nc3 {[%emt 0:00:02]} dxe4 {[%emt 0:00:01]} 4. Nxe4 {[%emt 0:00:00]} Nd7 {[%emt 0:00:01]} 5. Nf3 {[%emt 0:00:02]} Ngf6 {[%emt 0:00:02]} 6. Ng3 {[%emt 0:00:01]} Nb6 {[%emt 0:00:01]} 7. Bd3 {[%emt 0:00:01]} Bg4 {[%emt 0:00:01]} 8. c3 {[%emt 0:00:00]} Nh5 {[%emt 0:00:02]} 9. Ne4 {[%emt 0:00:02]} e6 {[%emt 0:00:01]} 10. h3 {[%emt 0:00:03]} Bxf3 {[%emt 0:00:01]} 11. Qxf3 {[%emt 0:00:00]} Nf6 {[%emt 0:00:00]} 12. Bg5 {[%emt 0:00:02]} Be7 {[%emt 0:00:01]} 13. O-O {[%emt 0:00:03]} Nxe4 {[%emt 0:00:16]} 14. Bxe7 {[%emt 0:00:04]} Nd2 {[%emt 0:00:02]} 15. Qe2 {[%emt 0:00:11]} Qxe7 {[%emt 0:00:02]} 16. Qxd2 {[%emt 0:00:01]} O-O {[%emt 0:00:01]} 17. Rae1 {[%emt 0:00:04]} Rad8 {[%emt 0:00:02]} 18. Re5 {[%emt 0:00:02]} Nd7 {[%emt 0:00:01]} 19. Re2 {[%emt 0:00:08]} Nf6 {[%emt 0:00:05]} 20. Rfe1 {[%emt 0:00:01]} Rd5 {[%emt 0:00:03]} 21. Re5 {[%emt 0:00:02]} Rxe5 {[%emt 0:00:02]} 22. Rxe5 {[%emt 0:00:03]} Rd8 {[%emt 0:00:09]} 23. Qg5 {[%emt 0:00:02]} Rd5 {[%emt 0:00:11]} 24. Rxd5 {[%emt 0:00:17]} exd5 {[%emt 0:00:06]} 25. Qe5 {[%emt 0:00:01]} Qxe5 {[%emt 0:00:01]} 26. dxe5 {[%emt 0:00:00]} Nd7 {[%emt 0:00:01]} 27. f4 {[%emt 0:00:03]} g6 {[%emt 0:00:03]} 28. Kf2 {[%emt 0:00:02]} h5 {[%emt 0:00:01]} 29. h4 {[%emt 0:00:10]} Kf8 {[%emt 0:00:03]} 30. Ke3 {[%emt 0:00:01]} Ke7 {[%emt 0:00:01]} 31. b4 {[%emt 0:00:01]} Nf8 {[%emt 0:00:03]} 32. b5 {[%emt 0:00:06]} cxb5 {[%emt 0:00:09]} 33. Bxb5 {[%emt 0:00:01]} Ne6 {[%emt 0:00:00]} 34. c4 {[%emt 0:00:05]} dxc4 {[%emt 0:00:01]} 35. Bxc4 {[%emt 0:00:01]} Ng7 {[%emt 0:00:01]} 36. Bd5 {[%emt 0:00:04]} b6 {[%emt 0:00:02]} 37. Be4 {[%emt 0:00:02]} Ne6 {[%emt 0:00:03]} 38. g3 {[%emt 0:00:04]} Nc5 {[%emt 0:00:02]} 39. Kd4 {[%emt 0:00:02]} Na4 {[%emt 0:00:11]} 40. Bc6 {[%emt 0:00:03]} Nc5 {[%emt 0:00:01]} 41. Kd5 {[%emt 0:00:06]} Na6 {[%emt 0:00:02]} 42. Bb5 {[%emt 0:00:01]} Nb4+ {[%emt 0:00:01]} 43. Ke4 {[%emt 0:00:04]} Nxa2 {[%emt 0:00:01] Tunca resigns (Lag: Av=0.66s, max=5.2s)} 0-1

[Event "Stay Safe Play From Home 237"]
[Site "Emanuel Lasker Arena"]
[Date "2020.06.18"]
[Round "8"]
[White "Shyamph1980"]
[Black "Haris kollari 13"]
[Result "0-1"]
[WhiteElo "1633"]
[BlackElo "1815"]
[Annotator "NA RC"]
[PlyCount "56"]
[EventDate "2020.06.18"]
[EventType "swiss (blitz)"]

1. e4 {[%emt 0:00:02]} e6 {[%emt 0:00:01]} 2. e5 {[%emt 0:00:03]} d5 {[%emt 0:00:01]} 3. exd6 {[%emt 0:00:02]} cxd6 {[%emt 0:00:00]} 4. Nf3 {[%emt 0:00:02]} d5 {[%emt 0:00:00]} 5. Bb5+ {[%emt 0:00:01]} Nc6 {[%emt 0:00:00]} 6. O-O {[%emt 0:00:01]} Bd7 {[%emt 0:00:01]} 7. c3 {[%emt 0:00:04]} Bd6 {[%emt 0:00:01]} 8. d4 {[%emt 0:00:01]} Nf6 {[%emt 0:00:01]} 9. Bg5 {[%emt 0:00:02]} O-O {[%emt 0:00:01]} 10. Bxc6 {[%emt 0:00:02]} bxc6 {[%emt 0:00:03]} 11. Ne5 {[%emt 0:00:01]} h6 {[%emt 0:00:01]} 12. Nxd7 {[%emt 0:00:03]} Qxd7 {[%emt 0:00:02]} 13. Bxf6 {[%emt 0:00:01]} gxf6 {[%emt 0:00:01]} 14. Qg4+ {[%emt 0:00:00]} Kh7 {[%emt 0:00:01]} 15. Nd2 {[%emt 0:00:09]} Rg8 {[%emt 0:00:01]} 16. Qf3 {[%emt 0:00:01]} Rg6 {[%emt 0:00:02]} 17. g3 {[%emt 0:00:01]} Rag8 {[%emt 0:00:01]} 18. Qd3 {[%emt 0:00:01]} f5 {[%emt 0:00:01]} 19. Nf3 {[%emt 0:00:01]} h5 {[%emt 0:00:03]} 20. Nh4 {[%emt 0:00:07]} Rg4 {[%emt 0:00:02]} 21. Kh1 {[%emt 0:00:09]} Qe7 {[%emt 0:00:08]} 22. Nf3 {[%emt 0:00:02]} Qf6 {[%emt 0:00:14]} 23. Rae1 {[%emt 0:00:03]} Qg6 {[%emt 0:00:02]} 24. Ne5 {[%emt 0:00:07]} Bxe5 {[%emt 0:00:01]} 25. Rxe5 {[%emt 0:00:05]} h4 {[%emt 0:00:01]} 26. Qa6 {[%emt 0:00:06]} hxg3 {[%emt 0:00:03]} 27. fxg3 {[%emt 0:00:03]} Rxg3 {[%emt 0:00:01]} 28. Qxc6 {[%emt 0:00:21]} Rg1+ {[%emt 0:00:02] Shyamph1980 resigns (Lag: Av=0.65s, max=0.8s)} 0-1

[Event "Stay Safe Play From Home 237"]
[Site "Emanuel Lasker Arena"]
[Date "2020.06.18"]
[Round "8"]
[White "Timbre"]
[Black "Greblha"]
[Result "0-1"]
[WhiteElo "1626"]
[BlackElo "1916"]
[Annotator "TA"]
[PlyCount "87"]
[EventDate "2020.06.18"]
[EventType "swiss (blitz)"]

{[%evp 9,87,14,43,18,14,-10,-7,-11,35,7,71,57,54,17,15,21,57,53,70,29,92,50,87,25,25,27,33,25,29,10,6,0,0,0,0,0,0,0,16,-41,-15,-135,-143,-176,-160,-217,-215,-310,-315,-540,-547,-840,-812,-729,-627,-764,-690,-693,-596,-828,-788,-805,-766,-794,-737,-744,-719,-12831,-12831,-2508,-6395,-3929,-2163,-5377,-1390,-29985,-29986,-29987,-29988,-29994]} 1. d4 c6 2. Nf3 d5 3. c3 Nf6 4. Bf4 Bg4 5. e3 e6 6. Be2 {D02: 1 d4 d5 2 Nf3 sidelines, including 2...Nf6 3 g3 and 2...Nf6 3 Bf4.} (6. Qb3 $5 {[%cal Rb3b7]} Qb6 7. Bd3 $14) 6... Bd6 7. Bg3 O-O 8. Nbd2 {[#] The position is equal.} b5 $146 ({Predecessor:} 8... Qc7 9. O-O Bxg3 10. hxg3 Nbd7 11. Re1 Rfe8 12. Rc1 e5 13. dxe5 Nxe5 14. Nxe5 Bxe2 15. Qxe2 Qxe5 {0-1 (34) Czapla,A (1937)-Swiatnicki,A (2105) Szczyrk 2014}) 9. a3 Na6 (9... a5 $11) 10. Bxd6 Qxd6 11. Ne5 Bxe2 12. Qxe2 Nd7 13. Nxd7 Qxd7 14. O-O f5 (14... Nc7 $11) 15. f3 Rab8 16. e4 (16. a4 $16) 16... c5 $11 17. exd5 exd5 18. f4 Rfe8 19. Qd3 c4 $36 {[%mdl 2048] White is under pressure.} 20. Qb1 Re7 21. Nf3 Re4 22. Ne5 Qe8 23. Qd1 Nc7 24. a4 ({White should try} 24. b4 $11) 24... b4 25. cxb4 {Black continues to play with concentration.} (25. Qc2 $11) 25... Rxb4 $17 26. Qc2 Ne6 27. Rad1 (27. Qc3 $17 {keeps fighting.} Rb3 28. Qa5) 27... Qxa4 ({Inferior is} 27... Nxd4 {[#]} 28. Rxd4 $1 {[%mdl 512]} Rxd4 29. Qc3 $18) 28. Qf2 (28. Qxa4 {was worth a try.} Rxa4 29. g3) 28... Rxf4 $19 29. Qg3 $2 (29. Qe2) 29... Rxb2 30. Ra1 Rxf1+ 31. Rxf1 Qc2 32. Nf3 f4 33. Qg4 Qg6 34. Qh3 h6 35. Re1 Ng5 36. Nxg5 Qxg5 {[%mdl 4096] Endgame KQR-KQR} 37. Qf3 Qf5 38. h3 Rb1 39. Rxb1 Qxb1+ 40. Kh2 Qe4 {( -> ...Qxf3)} 41. Qg4 c3 {aiming for ...c2.} 42. Qd1 c2 43. Qc1 {[#]} Qe2 $1 44. Kh1 {Accuracy: White = 41%, Black = 74%.} 0-1

[Event "Stay Safe Play From Home 237"]
[Site "Emanuel Lasker Arena"]
[Date "2020.06.18"]
[Round "9"]
[White "BrainThinker22"]
[Black "Edmatuag"]
[Result "1-0"]
[WhiteElo "2109"]
[BlackElo "1617"]
[Annotator "NA RC"]
[PlyCount "67"]
[EventDate "2020.06.18"]
[EventType "swiss (blitz)"]

1. e4 {[%emt 0:00:01]} c5 {[%emt 0:00:02]} 2. Nc3 {[%emt 0:00:02]} Nc6 {[%emt 0:00:01]} 3. g3 {[%emt 0:00:00]} g6 {[%emt 0:00:01]} 4. Bg2 {[%emt 0:00:00]} Bg7 {[%emt 0:00:01]} 5. d3 {[%emt 0:00:00]} e6 {[%emt 0:00:01]} 6. Be3 {[%emt 0:00:00]} d6 {[%emt 0:00:02]} 7. Qd2 {[%emt 0:00:00]} a6 {[%emt 0:00:04]} 8. Nge2 {[%emt 0:00:01]} Qc7 {[%emt 0:00:03]} 9. O-O {[%emt 0:00:01]} b5 {[%emt 0:00:03]} 10. a3 {[%emt 0:00:01]} Bb7 {[%emt 0:00:01]} 11. f4 {[%emt 0:00:01]} Nge7 {[%emt 0:00:02]} 12. h3 {[%emt 0:00:02]} O-O {[%emt 0:00:02]} 13. e5 {[%emt 0:00:01]} dxe5 {[%emt 0:00:06]} 14. Bxc5 {[%emt 0:00:01]} exf4 {[%emt 0:00:10]} 15. Qxf4 {[%emt 0:00:08]} Qxf4 {[%emt 0:00:13]} 16. Nxf4 {[%emt 0:00:02]} Bd4+ {[%emt 0:00:05]} 17. Bxd4 {[%emt 0:00:02]} Nxd4 {[%emt 0:00:03]} 18. Bxb7 {[%emt 0:00:00]} Rab8 {[%emt 0:00:03]} 19. Bxa6 {[%emt 0:00:04]} Nxc2 {[%emt 0:00:02]} 20. Rac1 {[%emt 0:00:03]} Ne3 {[%emt 0:00:02]} 21. Rfe1 {[%emt 0:00:01]} N3f5 {[%emt 0:00:05]} 22. g4 {[%emt 0:00:01]} Nh4 {[%emt 0:00:02]} 23. Kf2 {[%emt 0:00:01]} e5 {[%emt 0:00:06]} 24. Rxe5 {[%emt 0:00:02]} Nc6 {[%emt 0:00:02]} 25. Rxb5 {[%emt 0:00:01]} Rxb5 {[%emt 0:00:03]} 26. Nxb5 {[%emt 0:00:01]} Nd4 {[%emt 0:00:00]} 27. Nxd4 {[%emt 0:00:02]} Rd8 {[%emt 0:00:02]} 28. Rc8 {[%emt 0:00:02]} Rxc8 {[%emt 0:00:02]} 29. Bxc8 {[%emt 0:00:00]} g5 {[%emt 0:00:01]} 30. Kg3 {[%emt 0:00:03]} f5 {[%emt 0:00:02]} 31. Nxf5 {[%emt 0:00:03]} h5 {[%emt 0:00:04]} 32. Nxh4 {[%emt 0:00:01]} gxh4+ {[%emt 0:00:02]} 33. Kxh4 {[%emt 0:00:01]} hxg4 {[%emt 0:00:00]} 34. hxg4 {[%emt 0:00:00] Edmatuag resigns (Lag: Av=0.41s, max=0.7s)} 1-0

[Event "Stay Safe Play From Home 237"]
[Site "Emanuel Lasker Arena"]
[Date "2020.06.18"]
[Round "9"]
[White "Lazieri3"]
[Black "Klasman"]
[Result "1-0"]
[WhiteElo "2093"]
[BlackElo "1655"]
[Annotator "TA"]
[PlyCount "71"]
[EventDate "2020.06.18"]
[EventType "swiss (blitz)"]

{[%evp 9,71,26,33,-10,-9,-8,81,90,81,85,71,54,61,65,413,409,416,391,389,43,48,44,54,10,31,12,57,0,64,43,45,-1,11,11,11,11,92,92,136,94,135,86,149,155,227,224,218,151,205,81,202,214,277,234,348,332,849,833,2673,2541,2273,2064,1437,1357]} 1. e4 f5 2. Nc3 fxe4 3. Nxe4 Nf6 4. Nxf6+ exf6 5. Bd3 g6 {[#]} 6. h4 $146 {A00: Irregular Openings.} ({Predecessor:} 6. Nf3 Bg7 7. O-O O-O 8. Re1 d5 9. c3 c5 10. Bc2 Nc6 11. d4 c4 12. Bf4 {½-½ (20) Taranenko,E (2221)-Aliferenko,A (2217) Kremennaya 2017}) 6... d5 7. h5 Bf5 (7... g5 $11 {keeps the balance.}) 8. hxg6 $16 {White is better.} Bxd3 9. cxd3 {Qh5 is the strong threat.} Nc6 10. Rxh7 Rxh7 11. gxh7 Bg7 $2 {[%mdl 8192] [#]} (11... Qe7+ $14 12. Qe2 Qxe2+ 13. Kxe2 Bg7) 12. Qh5+ $18 Ke7 13. b3 Qe8 14. Ba3+ $2 (14. Qxd5 $18 {Ba3+ would kill now.} f5 15. Ba3+ (15. Qxf5 Kd8+ 16. Kd1 Bxa1 $11) 15... Kf6+ 16. Kf1) 14... Kd7+ $14 15. Qxe8+ Rxe8+ 16. Kd1 Rh8 17. Nf3 Rxh7 18. Kc2 (18. Bb2 $14) 18... b5 ({Black should try} 18... f5 $11 19. Re1 Bf6) 19. Re1 f5 20. g3 b4 21. Bb2 Bxb2 22. Kxb2 Re7 (22... f4 $11) 23. Rxe7+ $16 Nxe7 {[%mdl 4096] Endgame KN-KN} 24. d4 Ke6 25. Kc2 Nc6 (25... f4 $142) 26. Kd3 Kf6 (26... f4 $16 27. gxf4 Ne7) 27. Ke3 $18 a5 28. Ne1 Kg5 (28... f4+ $16 {was worth a try.} 29. gxf4 (29. Kxf4 Nxd4 30. Nd3 Ne6+ 31. Ke3 c5 $16) 29... Ne7) 29. f3 (29. Nd3 $18 {has better winning chances.}) 29... Ne7 (29... f4+ $16 {was called for.} 30. gxf4+ Kf6) 30. Nd3 Kf6 31. Ne5 c5 (31... Kg5 {might work better.} 32. Nf7+ Kg6) 32. f4 Ke6 $2 {[#]} (32... c4 33. bxc4 dxc4 34. Nxc4 a4) 33. dxc5 {White is clearly winning.} d4+ 34. Kxd4 Nd5 35. c6 Kd6 36. Kc4 {Accuracy: White = 57%, Black = 27%.} 1-0

[Event "Stay Safe Play From Home 237"]
[Site "Emanuel Lasker Arena"]
[Date "2020.06.18"]
[Round "9"]
[White "Greblha"]
[Black "matanant"]
[Result "1-0"]
[WhiteElo "1922"]
[BlackElo "1790"]
[Annotator "TA"]
[PlyCount "79"]
[EventDate "2020.06.18"]
[EventType "swiss (blitz)"]

{[%evp 9,79,87,66,-29,-30,-41,70,57,59,46,53,-33,47,53,41,48,40,16,10,10,16,9,9,10,33,28,93,0,0,8,83,80,89,89,102,91,147,153,199,149,183,164,194,194,195,161,271,223,244,0,2,6,219,215,235,209,224,144,279,273,239,96,111,6,204,215,210,0,145,49,272,84]} 1. e4 e5 2. Nf3 d5 3. Nxe5 Bd6 4. d4 dxe4 5. Bc4 Bxe5 {[#]} 6. dxe5 {C40: Latvian and Elephant Gambits.} (6. Qh5 $1 $14 {[%mdl 512]} Qe7 7. Qxe5 (7. dxe5 Nc6 $14) 7... Qxe5 8. dxe5) 6... Qxd1+ $11 7. Kxd1 f5 (7... Nc6 $15) 8. exf6 {White is slightly better.} Nxf6 {[#]} 9. Bf4 $146 ({Predecessor:} 9. Nc3 Nc6 10. Bf4 Bg4+ 11. Kd2 O-O-O+ 12. Ke3 Ne7 13. f3 Nf5+ 14. Kf2 exf3 15. Be6+ {0-1 (39) Chien,P-Tu,A California 2003}) 9... Bg4+ 10. Be2 (10. Kc1 $14) 10... c6 (10... Nc6 $15) 11. Bxg4 $14 Nxg4 12. Ke2 O-O 13. Be3 Nd7 14. Nc3 Nxe3 15. Kxe3 Rae8 16. Nxe4 Nf6 17. f3 Nd5+ (17... Nxe4 $11 18. fxe4 Re5) 18. Kd4 (18. Kd2 $16) 18... Nf4 $11 19. g3 Rd8+ (19... c5+ $11 20. Kxc5 (20. Nxc5 Ne2+ {[%mdl 64] Discovered Attack} 21. Kc4 Rc8 $11) 20... Ne6+ {[%mdl 64] Discovered Attack} 21. Kb4 Nd4) 20. Ke3 $16 Nd5+ 21. Kf2 Rde8 {aiming for ...Rxe4.} 22. Rhe1 h6 (22... Nb4 $142) 23. c3 g5 24. h3 Kg7 25. a3 Kg6 26. c4 Nb6 27. b3 h5 (27... Nd7 $142) 28. Rad1 Nc8 29. Nd6 $2 ({White should play} 29. g4 $18) 29... Rxe1 $11 30. Kxe1 {[%mdl 4096] Endgame White wants to play Nxc8. KRN-KRN} Ne7 $2 (30... Rxf3 $11 {and Black has nothing to worry.} 31. Nxc8 Rxg3) 31. Rd3 $18 ({And not} 31. Nxb7 Rxf3 32. Rd7 Kf7 $11) 31... h4 32. gxh4 ({Not} 32. Nxb7 hxg3 33. Nd6 a6 $16) 32... gxh4 33. Kf2 Kg5 (33... b6 $16 {was worth a try.} 34. Ne4 Nf5) 34. Nxb7 Ng6 35. Rd4 (35. Rd8 $1 $18) 35... Nf4 $16 36. Ke3 (36. Nc5 $16 {Threatens to win with Rxf4!} Kh5 37. Nd3 Nxh3+ 38. Kg2) 36... Nxh3 $2 (36... Re8+ $11 37. Re4 Rxe4+ 38. fxe4 Nxh3) 37. Rg4+ $18 Kh5 {[#] Hoping for ...Ng5.} 38. Nd6 $2 (38. Nc5 $1 $18) 38... Rf6 {[#]} (38... Ng5 $11 {remains equal.} 39. Rf4 Rxf4 40. Kxf4 Ne6+ 41. Ke3 Kg5) 39. Ne4 (39. c5 $1 $16) 39... Re6 $2 ({Black should try} 39... Rg6 $1 $14) 40. Kd4 $2 {Accuracy: White = 45%, Black = 37%.} (40. Rg2 $18 {and White stays clearly on top.}) 1-0